000
00319nam a2200121Ia 4500
008
220216s9999 xx 000 0 und d
100
_a
Ramakrishnan T S
245
0
_a
Horse hair fungus (Marasmius equicrinus Mull.)
260
_b
Rubber Board Bulletin
_c
1962-63
300
_a
126
700
_a
Pillay P N R
942
_c
JS
999
_c
60486
_d
60486